书目信息 |
| 题名: |
名人传
|
|
| 作者: | 罗曼·罗兰 著 ;傅雷 译 | |
| 分册: | ||
| 出版信息: | 北京 中国华侨出版社 2020.12 |
|
| 页数: | 370页 | |
| 开本: | 21cm | |
| 丛书名: | ||
| 单 册: | ||
| 中图分类: | K835.16 , K835.46 | |
| 科图分类: | ||
| 主题词: | 音乐家--yin yue jia--传记--德国--近代 , 美术家--mei shu jia--传记--意大利--中世纪 , 作家--zuo jia--传记--俄罗斯--近代 | |
| 电子资源: | ||
| ISBN: | 978-7-5113-8105-7 | |
| 000 | 01322nam0 2200325 450 | |
| 001 | 2331752945 | |
| 005 | 20231125152440.77 | |
| 010 | @a978-7-5113-8105-7@dCNY48.00 | |
| 100 | @a20201214d2020 em y0chiy50 ea | |
| 101 | 1 | @achi@cfre |
| 102 | @aCN@b110000 | |
| 105 | @aaf z 000yc | |
| 200 | 1 | @a名人传@Aming ren zhuan@d= Vies des hommes illustres@f(法) 罗曼·罗兰著@g傅雷译@zfre |
| 210 | @a北京@c中国华侨出版社@d2020.12 | |
| 215 | @a370页@c图@d21cm | |
| 300 | @a磨铁 | |
| 330 | @a本书包括了贝多芬传、米开朗琪罗传和托尔斯泰传三部分内容。作者着力刻画了三位艺术巨匠在忧患困顿的人生征途上历尽苦难而不改初衷的心路历程。 | |
| 500 | 10 | @aVies des hommes illustres@mChinese |
| 600 | 1 | @a贝多芬@Abei duo fen@g(Beethoven, ludwing Van),@f1770-1827@x传记 |
| 600 | 1 | @a米开朗琪罗@Ami kai lang qi luo@g(Michelangelo, Buonarroti),@f1475-1564@x传记 |
| 600 | 1 | @a托尔斯泰@Atuo er si tai@g(Tolstoy, Leo Nikolayevich),@f1828-1910@x传记 |
| 606 | 0 | @a音乐家@Ayin yue jia@x传记@y德国@z近代 |
| 606 | 0 | @a美术家@Amei shu jia@x传记@y意大利@z中世纪 |
| 606 | 0 | @a作家@Azuo jia@x传记@y俄罗斯@z近代 |
| 690 | @aK835.16@v5 | |
| 690 | @aK835.46@v5 | |
| 701 | 0 | @a罗曼·罗兰@Aluo man · luo lan@g(Rolland, Romain),@f1866-1944@4著 |
| 702 | 0 | @a傅雷@Afu lei@4译 |
| 801 | @aCN@b山东中教@c20231121 | |
| 905 | @aBZT@dK835.16@e47 | |
| 名人传= Vies des hommes illustres/(法) 罗曼·罗兰著/傅雷译.-北京:中国华侨出版社,2020.12 |
| 370页:图;21cm |
| 磨铁 |
| ISBN 978-7-5113-8105-7:CNY48.00 |
| 本书包括了贝多芬传、米开朗琪罗传和托尔斯泰传三部分内容。作者着力刻画了三位艺术巨匠在忧患困顿的人生征途上历尽苦难而不改初衷的心路历程。 |
| ● |
| 相关链接 |
|
|
|
正题名:名人传
索取号:K835.16/47
 
预约/预借
| 序号 | 登录号 | 条形码 | 馆藏地/架位号 | 状态 | 备注 |
| 1 | 2001048535 | 2001048535 | 中教第一批/山东中教(第一批)/687/ [索取号:K835.16/47] | 在馆 | |
| 2 | 2001048536 | 2001048536 | 中教第一批/山东中教(第一批)/687/ [索取号:K835.16/47] | 在馆 |